Name Every American Ninja Warrior Obstacle - Seasons 5-13 - Statistics

General Stats
  • This quiz has been taken 112 times
  • The average score is 93 of 254
Answer Stats
Position and First Appearance (beginning Season 5) Answer % Correct
#6, Vegas Stage 1 (S5) Vegas Warped Wall
76%
#6, All City Courses (S5) Warped Wall
76%
#8, Vegas Stage 3 (S5) Flying Bar
67%
#4, Vegas Stage 3 (S5) Ultimate Cliffhanger
65%
#6, All City Qualifying Courses (S10) Mega Wall
64%
#7, All City Finals Courses (S5) Salmon Ladder
64%
#9, Baltimore Finals (S5) Body Prop
62%
#3, Vegas Stage 1 (S9) Double Dipper
60%
#2, Vegas Stage 2 (S5) Double Salmon Ladder
60%
#1, All City Courses (S8) Floating Steps
60%
#4, Vegas Stage 1 (S5) Jumping Spider
60%
#1, All City Courses (S5) Quintuple Steps
60%
#7, Vegas Stage 3 (S7) Area 51
58%
#7, Vegas Stage 1 (S7) Coin Flip
58%
#10, All City Finals Courses (S5) Spider Climb
58%
#8, Baltimore Finals (S11) Angry Birds
56%
#9, Venice Beach Finals (S5) Cliffhanger
56%
#3, Vegas Stage 3 (S5) Floating Boards
56%
#2, Denver (S5) | #2, St. Louis (S6) Rolling Log
56%
#4, Vegas Stage 2 (S6) Butterfly Wall
55%
#8, Venice Beach Finals (S6) Cannonball Alley
55%
#6, Vegas Stage 3 (S5) Hang Climb
55%
#3, San Pedro (Military) (S7) Log Runner
55%
#5, Vegas Stage 3 (S6) Propeller Bar
55%
#3, Daytona Beach (S9) Wingnuts
55%
#4, Qualifying 3 (S13) Air Surfer
53%
#2, Kansas City (S7) Big Dipper
53%
#9, St. Louis Finals (S6) Crazy Cliffhanger
53%
#2, Vegas Stage 3 (S5) Doorknob Grasper
53%
#2, Dallas (S6) Log Grip
53%
#5, Vegas Stage 2 (S5) Metal Spin
53%
#1, Vegas Stage 1 (S10) Archer Alley
51%
#4, Vegas Stage 2 (S5) Balance Tank
51%
#7, Vegas Stage 1 (S8) Broken Bridge
51%
#9, Indianapolis Finals (S10) Cane Lane
51%
#5, Vegas Stage 1 (S5) Half Pipe Attack
51%
#9, Denver Finals (S5) Pole Grasper
51%
Vegas Stage 4 (S5) Rope Climb
51%
#10, All City Finals Courses (S10) Spider Trap
51%
#3, Vegas Stage 2 (S5) Unstable Bridge
51%
#1, All City Finals Courses (S10) Archer Steps
49%
#5, Los Angeles (S9) Battering Ram
49%
#5, Denver (S6) Devil Steps
49%
#5, Vegas Stage 2 (S8) Double Wedge
49%
#10, All City Finals Courses (S9) Elevator Climb
49%
#1, All City Courses (S11) Shrinking Steps
49%
#6, Vegas Stage 2 (S5) Wall Lift
49%
#5, Vegas Stage 2 (S9) Wingnut Alley
49%
#3, Atlanta (S8) Block Run
47%
#8, Vegas Stage 1 (S8) Flying Squirrel
47%
#10, All City Finals Courses (S7) Invisible Ladder
47%
#8, Los Angeles Finals (S8) The Wedge
47%
#9, Indianapolis Finals (S8) Circuit Board
45%
#5, Venice Beach (S7) Hourglass Drop
45%
#4, Miami (S6) Jump Hang
45%
#3, Vegas Stage 1 (S6) Silk Slider
45%
#1, Vegas Stage 1 (S8) Snake Run
45%
#3, Denver (S6) Spinning Log
45%
#5, Vegas Stage 1 (S10) Tire Run
45%
#6, Vegas Stage 2 (S10) Water Walls
45%
#3, Denver (S9) Bouncing Spider
44%
#7, Vegas Stage 1 (S13) Dipping Birds
44%
#2, Oklahoma City (S8) Ring Swing
44%
#5, Philadelphia (S8) Rolling Thunder
44%
#1, Vegas Stage 2 (S6) Rope Jungle
44%
#7, Vegas Stage 3 (S5) Spider Flip
44%
#4, Venice Beach (S7) Spin Cycle
44%
#7, Vegas Stage 1 (S5) Spinning Bridge
44%
#7, Vegas Stage 3 (S9) Time Bomb
44%
#8, Denver Finals (S6) Arm Rings
42%
#5, Oklahoma City (S8) Bar Hop
42%
#5, Kansas City (S7) Bungee Road
42%
#2, Denver (S6) Cat Grab
42%
#4, Kansas City (S9) Crank It Up
42%
#8, Miami Finals (S10) Crazy Clocks
42%
#2, Vegas Stage 2 (S9) Criss Cross Salmon Ladder
42%
#4, Vegas Stage 3 (S8) Curved Body Prop
42%
#3, Vegas Stage 2 (S10) Deja Vu
42%
#2, Vegas Stage 3 (S10) En Garde
42%
#2, Vegas Stage 2 (S11) Extension Ladder
42%
#8, Pittsburgh Finals (S7) Floating Monkey Bars
42%
#3, Vegas Stage 1 (S8) Giant Log Grip
42%
#1, Vegas Stage 3 (S8) Keylock Hang
42%
#5, Miami (S5) Monkey Peg
42%
#5, Vegas Stage 3 (S11) Pipe Dream
42%
#5, Dallas (S6) Ring Toss
42%
#5, Vegas Stage 1 (S7) Sonic Curve
42%
#2, Los Angeles (S9) Cannonball Drop
40%
#9, Venice Beach Finals (S7) Clear Climb
40%
#5, Oklahoma City (S11) Coconut Climb
40%
#3, Miami (S6) Dancing Stones
40%
#4, Minneapolis (S10) Diamond Dash
40%
#9, Denver Finals (S6) Doorknob Arch
40%
#2, Vegas Stage 2 (S8) Down Up Salmon Ladder
40%
#1, Vegas Stage 3 (S5) Roulette Cylinder
40%
#5, Vegas Stage 2 (S7) Roulette Row
40%
#1, Vegas Stage 2 (S13) Striding Steps
40%
#2, Los Angeles (S8) Tick Tock
40%
#8, Houston Finals (S7) Walking Bar
40%
#6, Vegas Stage 2 (S8) Wall Flip
40%
#3, Miami (S5) Balance Bridge
38%
#3, St. Louis (S6) Bridge of Blades
38%
#5, Vegas Stage 3 (S5) Bungee Rope Climb
38%
#1, Vegas Stage 3 (S6) Cannonball Incline
38%
#9, Orlando Finals (S7) Double Helix
38%
#3, Finals (S12) Falling Shelves
38%
#3, Indianapolis (S8) Fly Wheels
38%
#1, Vegas Stage 2 (S8) Giant Ring Swing
38%
#8, Vegas Stage 1 (Split Decision) (S13) High Road
38%
#9, Kansas City Finals (S9) Iron Maiden
38%
#8, Cleveland Finals (S9) Nail Clipper
38%
#9, Denver Finals (S9) Ninjago Roll
38%
#6, Vegas Stage 3 (S9) Peg Cloud
38%
#1, Vegas Stage 1 (S6) Piston Road
38%
#1, Vegas Stage 1 (S5) Timbers
38%
#3, Qualifying 3 (S12) Beehive
36%
#3, Kansas City (S9) Broken Pipes
36%
#4, Houston (S7) Cargo Crossing
36%
#2, Dallas (S10) Catch and Release
36%
#4, Oklahoma City (S11) Diving Boards
36%
#3, Venice Beach (S5) Domino Hill
36%
#7, Vegas Stage 1 (S9) Domino Pipes
36%
#5, Vegas Stage 2 (S13) Epic Air Surfer
36%
#8, Vegas Stage 1 (S5) Final Climb
36%
#8, Kansas City Finals (S7) Flying Shelf Grab
36%
#5, Vegas Stage 2 (S11) Grim Sweeper
36%
#1, Vegas Stage 3 (S11) Grip and Tip
36%
#4, Vegas Stage 2 (S13) Hammer Drop
36%
#5, Vegas Stage 1 (S9) Parkour Run
36%
#1, Vegas Stage 3 (S7) Psycho Chainsaw
36%
#8, Venice Beach Finals (S5) Rope Maze
36%
#8, Baltimore Finals (S5) Rumbling Dice
36%
#3, Vegas Stage 2 (S8) Wave Runner
36%
#3, Qualifying 1 (Split Decision) (S13) Domino Effect
35%
#5, St. Louis (S6) Double Tilt Ladder
35%
#3, Los Angeles (S8) Escalator
35%
#2, Venice Beach (S5) Frame Slider
35%
#4, San Antonio (S9) Sky Hooks
35%
#8, Cincinnati Finals (S11) Slam Dunk
35%
#3, Pittsburgh (S7) Snake Crossing
35%
#9, San Antonio Finals (S9) Spinball Wizard
35%
#4, Vegas Stage 2 (S9) Swing Surfer
35%
#9, Atlanta Finals (S8) The Clacker
35%
#8, Vegas Stage 1 (S10) Twist and Fly
35%
#2, Qualifying 4 (S13) Double Down
33%
#2, Minneapolis (S10) Double Twister
33%
#2, Baltimore (S5) Downhill Jump
33%
#2, Miami (S6) Downhill Pipe Drop
33%
#8, Vegas Stage 1 (Split Decision (S13) Fly Hooks
33%
#8, Miami Finals (S6) Minefield
33%
#9, Tacoma Finals (S11) Northwest Passage
33%
#5, Denver (S9) Rail Runner
33%
#3, Cleveland (S9) Razor's Edge
33%
#3, Qualifying 1 (S12) Ring Chaser
33%
#5, Indianapolis (S10) Spin Hopper
33%
#4, Orlando (S7) Tire Swing
33%
#8, Vegas Stage 1 (S7) Triple Swing
33%
#3, Tacoma (S11) Barrel Roll
31%
#4, Indianapolis (S8) Disc Runner
31%
#5, Los Angeles (S10) Doorknob Drop
31%
#9, Finals (S12) Dragonback
31%
#9, Dallas Finals (S10) Fallout
31%
#5, Venice Beach Qualifying (S5) Flying Nunchucks
31%
#1, Vegas Stage 2 (S11) Giant Walk the Plank
31%
#9, San Pedro Finals (Military Finals) (S7) Globe Grasper
31%
#2, Kansas City (S9) Hang Glider
31%
#1, Vegas Stage 2 (S5) Hang Slider
31%
#5, San Pedro (Military) (S7) I-Beam Cross
31%
#5, Cleveland (S9) I-Beam Gap
31%
#9, Los Angeles Finals (S11) Leaps of Faith
31%
#5, Philadelphia (S10) Lightning Bolts
31%
#2, Tacoma (S11) Lunatic Ledges
31%
#3, Orlando (S7) Paddle Boards
31%
#4, Los Angeles (S8) Ring Jump
31%
#3, Vegas Stage 1 (S5) Rope Glider
31%
#3, Venice Beach (S6) Slack Ladder
31%
#4, Miami (S5) Slider Jump
31%
#9, Philadelphia Finals (S8) Stair Hopper
31%
#2, Los Angeles (S11) Walk the Plank
31%
#8, Semifinals 1 (S12) Corkscrew
29%
#6, Vegas Stage 3 (S13) Eyeglass Alley
29%
#4, Venice Beach (S5) Floating Chains
29%
#2, Venice Beach (S7) Mini Silk Slider
29%
#1, Vegas Stage 1 (S13) Slide Surfer
29%
#9, Oklahoma City Finals (S11) Snap Back
29%
#2, Venice Beach (S6) Spinning Wheel
29%
#5, Houston (S7) Swinging Spikes
29%
#3, Dallas (S6) Tilting Table
29%
#5, Qualifying 1 (S13) V Formation
29%
#5, Miami (S6) Curtain Slider
27%
#1, Vegas Stage 2 (S10) Epic Catch and Release
27%
#5, Atlanta (S11) Ferris Wheel
27%
#8, Denver Finals (S5) Floating Stairs
27%
#4, Denver (S5) Jump Hang Kai
27%
#4, Venice Beach (S6) Jumping Bars into Cargo
27%
#5, Cincinnati (S11) Slingshot
27%
#8, Dallas Finals (S6) Swinging Frames
27%
#4, Baltimore (S5) Swing Jump
27%
#4, Dallas Qualifying (S10) Tuning Forks
27%
#4, Semifinals 1 (S12) Burn Rubber
25%
#9, Semifinals 1 (S12) Dungeon
25%
#2, Vegas Stage 1 (S5) Giant Cycle
25%
#9, Semifinals 1 (Split Decision) (S13) Inverter
25%
#4, Kansas City (S7) Modified Ring Toss
25%
#5, Atlanta (S8) Pipefitter
25%
#2, Daytona Beach (S9) Rolling Pin
25%
#9, Miami Finals (S5) Rolling Steel
25%
#2, Vegas Stage 1 (S11) Spin Your Wheels
25%
#8, Atlanta Finals (S11) Up for Grabs
25%
#2, Miami (S5) Utility Pole Slider
25%
#9, Oklahoma City Finals (S8) Window Hang
25%
#5, Baltimore (S5) Circle Cross
24%
#3, Semifinals 1 (S12) Clockwork
24%
#3, Baltimore (S11) Dangerous Curves
24%
#8, Daytona Beach Finals (S9) Giant Cubes
24%
#5, Denver (S5) Grip Hang
24%
#2, Vegas Stage 3 (S11) Iron Summit
24%
#2, Qualifying 1 (S13) Overpass
24%
#3, Baltimore (S5) Prism Tilt
24%
#7, Vegas Stage 1 (S10) Razor Beams
24%
#4, St. Louis (S6) Rope Swing into Cargo
24%
#8, Los Angeles Finals (S9) Swinging Pegboard
24%
#4, Pittsburgh (S7) Wind Chimes
24%
#8, Philadelphia Finals (S10) Captain's Wheel
22%
#8, Miami Finals (S5) Ledge Jump
22%
#4, Miami (S10) Ring Turn
22%
#4, Denver (S6) Spikes into Cargo
22%
#2, Vegas Stage 1 (S13) Swinging Blades
22%
#8, Minneapolis Finals (S10) The Hinge
22%
#9, Los Angeles Finals (S10) Baton Pass
20%
#3, Kansas City (S7) Floating Tiles
20%
#4, Qualifying 1 (S12) Rib Run
20%
#3, Denver (S5) Rotating Bridge
20%
#5, Qualifying 4 (S12) Sideways
20%
#4, Qualifying 5 (S13) Tilt-a-Whirl
20%
#4, Philadelphia (S8) Wall Drop
20%
#2, Atlanta (S11) Off the Hook
18%
#8, Semifinals 2 (S13) Padlock
18%
#5, Qualifying 3 (S13) Pretzel Twist
18%
#2, Vegas Stage 3 (S13) Stalactites
18%
#5, Venice Beach Finals (S5) Trapeze Swing
18%
#2, Oklahoma City (S11) Wing Swing
18%
#2, Los Angeles (S10) Jumper Cables
16%
#5, Miami (S10) Slippery Summit
16%
#2, Houston (S7) Tilting Slider
16%
#5, Semifinals 3 (S13) Drop Zone
13%
#4, Baltimore (S11) Hazard Cones
13%
#3, Los Angeles (S11) Spring Forward
13%
#5, Semifinals 1 (S13) Wall to Wall
13%
#4, Qualifying 1 (S13) Tipping Point
11%
#2, Qualifying 1 (S12) Weight For It
11%
#2, Philadelphia (S10) Spinning Bowties
9%
#3, Indianapolis (S10) Wheel Flip
9%
No matching quizzes found
Score Distribution
Percent of People with Each Score
Percentile by Number Answered
Your Score History
You have not taken this quiz